Stabilita v prípade fuzzy riadenia

Salvato in:
Dettagli Bibliografici
Autore principale: Šupík, Marián (Autore)
Altri autori: Schreiber, Peter (Relatore della tesi)
Natura: Manoscritto Libro
Lingua:slovacco
Pubblicazione: 2018
Soggetti:
Accesso online:http://is.stuba.sk/zp/portal_zp.pl?podrobnosti=126242
Tags: Aggiungi Tag
Nessun Tag, puoi essere il primo ad aggiungerne!!

MARC

LEADER 00000ntm a22000003a 4500
001 stuzp62601
003 SK-STU
005 20180820151813.0
007 ta
008 150427s2015----xo-----f-mn---000-0-slo-d
040 |a STU  |b slo 
041 0 |a slo 
100 1 |a Šupík, Marián  |u 066000  |4 aut  |U MTF Materiálovotechnologická fakulta  |T MTF Ústav aplikovanej informatiky, automatizácie a mechatroniky  |X 45733  |U M6000  |Y 86  |7 45733 
242 0 1 |a Stability in fuzzy control  |y eng 
245 1 0 |a Stabilita v prípade fuzzy riadenia 
260 |c 2018 
650 4 |a Matlab  |2 eng 
650 4 |a control  |2 eng 
650 4 |a regulator  |2 eng 
650 4 |a stability  |2 eng 
650 4 |a fuzzy  |2 eng 
650 4 |a Matlab  |2 slo 
650 4 |a riadenie  |2 slo 
650 4 |a regulátor  |2 slo 
650 4 |a stabilita  |2 slo 
650 4 |a fuzzy  |2 slo 
700 1 |a Schreiber, Peter  |u 066000  |k Z1  |4 ths  |U MTF Materiálovotechnologická fakulta  |T MTF Ústav aplikovanej informatiky, automatizácie a mechatroniky  |X 247  |U M6000  |Y 86  |7 A000000247 
856 4 |u http://is.stuba.sk/zp/portal_zp.pl?podrobnosti=126242 
996 |c M* DP-13635  |l MMSKP  |s P  |a 0  |w stuzp62601_0001